Geography Quiz

Random Geography or World Quiz

Countries Larger Than Alaska Quiz Stats

 Plays Quiz Updated Oct 17, 2013

     
Support Sporcle.
Go Orange.
Score 0/17 Timer 03:00
12 Plays Today
Sq Km Country % Correct
17,098,242Russia
99.6%
9,596,961China
98.1%
8,514,877Brazil
96.7%
9,984,670Canada
96.6%
9,826,675United States of America
93.6%
7,741,220Australia
93.5%
3,287,263India
92.8%
2,780,400Argentina
86.4%
1,964,375Mexico
83%
Sq Km Country % Correct
2,724,900Kazakhstan
67%
2,381,741Algeria
66.1%
2,149,690Saudi Arabia
64.3%
1,904,569Indonesia
63.1%
2,344,858Democratic Republic of the Congo
61.7%
1,861,484Sudan
61.5%
2,209,180Denmark (including Greenland)
60.5%
1,759,540Libya
55.2%

From the Vault

Famous American Burger Match-Up

by dumby321

Eating all of these in one sitting sounds like a really bad idea.
Remove Ads.
Support Sporcle.
Get the best of Sporcle when you Go Orange. This ad-free experience offers more features, more stats, and more fun while also helping to support Sporcle. Thank you for becoming a member.

Show Comments

Extras

Top Quizzes Today


Score Distribution

Your Account Isn't Verified!

In order to create a playlist on Sporcle, you need to verify the email address you used during registration. Go to your Sporcle Settings to finish the process.

Report this User

Report this user for behavior that violates our Community Guidelines.

Details: